Higher cortical functions in man/ (Record no. 1156)

MARC details
000 -LEADER
fixed length control field 00501nam a2200181 a 4500
005 - DATE AND TIME OF LATEST TRANSACTION
control field 20260322212049.0
008 - FIXED-LENGTH DATA ELEMENTS--GENERAL INFORMATION
fixed length control field data
010 ## - LIBRARY OF CONGRESS CONTROL NUMBER
LC control number 65-11340
096 ## - LOCALLY ASSIGNED NLM-TYPE CALL NUMBER (OCLC)
Classification number WL 102 L974h 1966
001 - CONTROL NUMBER
control field data
100 1# - MAIN ENTRY--PERSONAL NAME
Personal name Luria, Aleksandr Romanovich,
Dates associated with a name 1902-
245 10 - TITLE STATEMENT
Title Higher cortical functions in man/
Statement of responsibility, etc. Aleksandr Romanovich Luria.
260 ## - PUBLICATION, DISTRIBUTION, ETC.
Place of publication, distribution, etc. New York
Name of publisher, distributor, etc. Basic Books
Date of publication, distribution, etc. c1966
300 ## - PHYSICAL DESCRIPTION
Extent xvi, 513 p. ;
Dimensions illus.
500 ## - GENERAL NOTE
General note Bibliography: p. 471-502.
650 02 - SUBJECT ADDED ENTRY--TOPICAL TERM
Topical term or geographic name entry element Brain
General subdivision drug effects
650 02 - SUBJECT ADDED ENTRY--TOPICAL TERM
Topical term or geographic name entry element Cerebral Cortex
Holdings
Withdrawn status Lost status Damaged status Not for loan Home library Current library Shelving location Date acquired Total checkouts Full call number Barcode Date last seen Price effective from Koha item type
        Centerville Centerville General stacks 22/03/2026   GEN BC0011194 22/03/2026 22/03/2026 Books